Normal view
MARC view
- Alter, S. Elizabeth.
Entry Personal Name
001 - CONTROL NUMBER
- control field: 57889
003 - CONTROL NUMBER IDENTIFIER
- control field: OSt
005 - DATE AND TIME OF LATEST TRANSACTION
- control field: 20240815122429.0
008 - FIXED-LENGTH DATA ELEMENTS
- fixed length control field: 240815|| aca||aabn | a|a d
040 ## - CATALOGING SOURCE
- Original cataloging agency: OSt
- Transcribing agency: OSt
100 ## - HEADING--PERSONAL NAME
- Personal name: Alter, S. Elizabeth.
- Relator term: author.
670 ## - SOURCE DATA FOUND
- Source citation: Work cat.: (OSt): Alter, S. Elizabeth. author., A framework for effective dissemination of innovative STEM curricula /, May/June 2020.
